000
002780000a22000970004500
100
1
_a
Soesilo, Daud
245
1
0
_a
Traducción de las secciones poéticas de Daniel 1-6
300
_a
Vol. 2, Num. 1 (Octubre, 1991), Páginas 10-13
773
0
_t
Traducción de la Biblia
942
_c
ANA
999
_c
52654
_d
52654